00670nam a22001937a 450000500170000002000180001703700080003510000260004324501140006926000370018327000300022030000300025049000260028070000270030670000280033394200170036199900170037895200810039520111227162055.0 a9780431113180 bPUB aOxlade, Chris 937706 aExperiments with sound:cby Chris Oxlade; edited by Louise Galpine (and) Rachel Howells bexplanining sound / aLondon bHeinemann Libraryc2009 a7 Pilgrim StreetbLondon  a48p. c25cm(Hb) bphotos  aDo it yourself937707 aGalpine, Louise937708 a Howells, Rachel937709 2ddccCHmOXL c60038d60038 0010407-1aAGbAGd2011-12-27l0oOXLr2011-12-27 00:00:00w2011-12-27yCH